Speciální elektronické součástky a jejich aplikace : [přednášky] /

Hlavní autor: Svačina, Jiří, 1948-
Korporativní autor: Vysoké učení technické v Brně. Ústav radioelektroniky
Další autoři: Novotný, Vlastislav
Jazyk: Čeština
Vydáno: Brno : Vysoké učení technické, 1999
Vydání: 2., přeprac. a rozš. vyd.
Témata:
Fyzický popis: 104 s. : il. ; 30 cm
Knihy
Uloženo v:
LEADER 01569nam a2200361 a 4500
001 000445113
003 CZ BrMZK
005 20220517062838.0
007 ta
008 010907s1999 xr a f 000 0 cze d
015 |a cnb000694146 
020 |a 80-214-1455-3 
035 |a (OCoLC)44526200 
040 |a BOA001  |b cze 
080 |a 621.382(075.8)  |2 MRF 
100 1 |a Svačina, Jiří,  |d 1948-  |7 jn20000710620  |4 aut 
245 1 0 |a Speciální elektronické součástky a jejich aplikace :  |b [přednášky] /  |c Jiří Svačina, Vlastislav Novotný 
250 |a 2., přeprac. a rozš. vyd. 
260 |a Brno :  |b Vysoké učení technické,  |c 1999 
300 |a 104 s. :  |b il. ;  |c 30 cm 
500 |a Určeno pro posl. fak. elektrotechn. a inform. 
500 |a Dotisk 2000 
504 |a Obsahuje bibliografii 
650 0 7 |a mikrovlnné elektronické součástky  |7 ph115314  |2 czenas 
655 7 |a učebnice vysokých škol  |7 fd133772  |2 czenas 
700 1 |a Novotný, Vlastislav  |7 jo2003197098  |4 aut 
710 2 |a Vysoké učení technické v Brně.  |b Ústav radioelektroniky  |7 kn20010709197 
910 |a BOA001  |b 4-1064.872 
990 |a BK 
996 6 |b 2610103689  |c 4-1064.872  |l MZK  |r Sklad / do 1 hodiny  |n 0  |p p.v.  |w 000445113  |u 000010  |a 1  |e BOA001  |j MZK50  |s P 
996 7 |b 2610111755  |c 4-1064.872  |l MZK  |r Sklad / do 1 hodiny  |n 3  |p kup  |w 000445113  |u 000020  |a 1  |e BOA001  |j MZK50  |s A 
996 7 |b 2610111756  |c 4-1064.872  |l MZK  |r Sklad / do 1 hodiny  |n 6  |p kup  |w 000445113  |u 000030  |a 1  |e BOA001  |j MZK50  |s A 
996 7 |b 2610903204  |c 4-1064.872  |l MZK  |r Sklad / do 1 hodiny  |n 0  |p dar  |w 000445113  |u 000040  |a 1  |e BOA001  |j MZK50  |s A